000 00491nam a22001697a 4500
005 20240802105807.0
008 240802b |||||||| |||| 00| 0 eng d
020 _a9780471389408
082 _a005.712
_bOBE-M
100 _aOberg, Ricakrd
245 _aMastering RMI:
_bDeveloping Enterprise Applications in Java and EJB /
_cRickard Oberg
260 _ausa:
_bwiley;
_c2001.
300 _axiv, 305 p. :
_bill;
_c24 cm.
500 _ainclude index.
650 _aNetworking
999 _c36266
_d36266